| 000 | 01063nac a22003131u 4500 | ||
|---|---|---|---|
| 003 | EG-ScBUE | ||
| 005 | 20220703114723.0 | ||
| 008 | 200219s2005 enk f 000 0 eng d | ||
| 020 | _a0582838096 | ||
| 020 | _a9780582838093 | ||
| 040 |
_aEG-ScBUE _beng _erda _cEG-ScBUE _dEG-ScBUE |
||
| 082 | 0 | 4 |
_a428.2402465 _bCOT _222 |
| 100 | 1 |
_aCotton, David, _d1937- _eauthor. _937560 |
|
| 245 | 1 | 0 |
_aMarket leader : _bintermediate business English, _pCourse book / _cDavid Cotton, David Falvey, Simon Kent. |
| 246 | 3 | 0 | _aCourse book |
| 250 | _aNew edition. | ||
| 264 | 1 |
_aHarlow, England : _bPearson Education Limited, _c2005. |
|
| 300 |
_a176 pages : _billustrations ; _c30 cm |
||
| 336 |
_2rdacontent _atext _btxt |
||
| 337 |
_2rdamedia _aunmediated _bn |
||
| 338 |
_2rdacarrier _avolume _bnc |
||
| 650 | 7 |
_aEnglish language _xBusiness English _vTextbooks for foreign speakers. _2BUEsh |
|
| 651 | _2BUEsh | ||
| 653 | _bHHUUEENN | ||
| 655 |
_vReading book _934232 |
||
| 700 | 1 |
_aFalvey, David, _eauthor. |
|
| 700 | 1 |
_aKent, Simon, _d1953- _eauthor. |
|
| 942 |
_cBB _2ddc |
||
| 999 |
_c4155 _d4155 |
||